[Event "Titled Tuesday intern op 25th Jun Late"]
[Site "Chess.com INT"]
[Date "2024.06.25"]
[Round "9"]
[White "Dwilewicz, Katarzyna"]
[Black "Jimenez Martinez, Jose Vicente"]
[Result "0-1"]
[WhiteElo "2099"]
[BlackElo "2197"]
[PlyCount "90"]
[EventDate "2024.06.25"]
[EventType "swiss (blitz)"]
[EventRounds "11"]
[EventCountry "USA"]
[SourceTitle "EXT 2025"]
[Source "ChessBase"]
[SourceDate "2024.10.14"]
[SourceVersion "1"]
[SourceVersionDate "2024.10.14"]
[SourceQuality "1"]

1. e4 d6 2. d4 g6 3. Nc3 Bg7 4. Nf3 Nf6 5. h3 0-0 6. Bd3 Nc6 7. 0-0 e5 8. d5 Nd4 9. Be3 Nxf3+ 10. Qxf3 Ne8 11. Qe2 f5 12. f4 exf4 13. Bxf4 g5 14. Bd2 f4 15. Rae1 Qe7 16. Qh5 Qe5 17. Nd1 Nf6 18. Qe2 Nd7 19. Bc3 Qe7 20. Bxg7 Qxg7 21. c3 Ne5 22. Kh2 g4 23. Qd2 f3 24. g3 gxh3 25. Ne3 Kh8 26. Nf5 Bxf5 27. exf5 Rae8 28. Bc2 f2 29. Rxf2 Ng4+ 30. Kh1 Nxf2+ 31. Qxf2 Re5 32. Kh2 Rfe8 33. Rf1 Qf6 34. Bd3 Rxd5 35. Qf3 Rde5 36. Rf2 Re3 37. Qd5 c6 38. Qc4 d5 39. Qb4 Rxd3 40. Qxb7 Rde3 41. Qxa7 Re2 42. a4 d4 43. Rxe2 Rxe2+ 44. Kxh3 Qxf5+ 45. g4 Re3+ 0-1

[Event "Titled Tuesday intern op 25th Jun Late"]
[Site "Chess.com INT"]
[Date "2024.06.25"]
[Round "7"]
[White "Jimenez Martinez, Jose Vicente"]
[Black "Harish, Neeraj"]
[Result "1-0"]
[WhiteElo "2197"]
[BlackElo "2123"]
[PlyCount "131"]
[EventDate "2024.06.25"]
[EventType "swiss (blitz)"]
[EventRounds "11"]
[EventCountry "USA"]
[SourceTitle "EXT 2025"]
[Source "ChessBase"]
[SourceDate "2024.10.14"]
[SourceVersion "1"]
[SourceVersionDate "2024.10.14"]
[SourceQuality "1"]

1. d4 d5 2. c4 c6 3. Nf3 Nf6 4. Nc3 e6 5. Bg5 h6 6. Bh4 dxc4 7. e4 g5 8. Bg3 b5 9. Be2 Bb7 10. h4 g4 11. Ne5 h5 12. 0-0 Nbd7 13. f3 Qb6 14. Nxf7 Kxf7 15. fxg4 hxg4 16. e5 Bh6 17. exf6 Be3+ 18. Bf2 Bxf2+ 19. Rxf2 Rxh4 20. Bxg4 Rah8 21. Bh3 Qxd4 22. Qxd4 Rxd4 23. Re1 Nc5 24. Re3 Bc8 25. Rfe2 b4 26. Ne4 Nxe4 27. Rxe4 Rxe4 28. Rxe4 c3 29. bxc3 bxc3 30. Rc4 Kxf6 31. Rxc6 Bd7 32. Rxc3 Rb8 33. Rc7 Ke7 34. Rxa7 Rb1+ 35. Kh2 Ra1 36. Bg4 Kd6 37. Bf3 Bb5 38. g4 Ke5 39. Ra5 Kf6 40. Rxb5 Rxa2+ 41. Kg3 Ra4 42. Rb6 Ke5 43. Rb8 Kf6 44. Rf8+ Kg6 45. Kh4 e5 46. Re8 Kf6 47. Rf8+ Kg7 48. Rf5 e4 49. Be2 Ra2 50. Bc4 Rh2+ 51. Kg3 Rc2 52. Bd5 Rc3+ 53. Kf4 e3 54. Re5 e2 55. Rxe2 Ra3 56. Re7+ Kg6 57. Re6+ Kg7 58. Rd6 Ra4+ 59. Kf5 Ra1 60. Rd7+ Kf8 61. Rf7+ Ke8 62. g5 Rf1+ 63. Kg6 Rxf7 64. Bxf7+ Kf8 65. Bb3 Ke7 66. Kh7 1-0

[Event "Titled Tuesday intern op 25th Jun Late"]
[Site "Chess.com INT"]
[Date "2024.06.25"]
[Round "6"]
[White "Yevchenko, Alexander"]
[Black "Jimenez Martinez, Jose Vicente"]
[Result "1-0"]
[WhiteElo "2276"]
[BlackElo "2197"]
[PlyCount "89"]
[EventDate "2024.06.25"]
[EventType "swiss (blitz)"]
[EventRounds "11"]
[EventCountry "USA"]
[SourceTitle "EXT 2025"]
[Source "ChessBase"]
[SourceDate "2024.10.14"]
[SourceVersion "1"]
[SourceVersionDate "2024.10.14"]
[SourceQuality "1"]

1. c4 d6 2. Nc3 g6 3. d4 Bg7 4. e4 Nf6 5. h3 0-0 6. Be3 e5 7. d5 a5 8. Nge2 Na6 9. g4 Nc5 10. Ng3 Nfd7 11. Bg2 b6 12. h4 Nb8 13. h5 c6 14. Qd2 Bxg4 15. f3 Bc8 16. hxg6 fxg6 17. 0-0-0 cxd5 18. Qxd5+ Be6 19. Qxa8 Bxc4 20. Nd5 Bxa2 21. Bh3 h5 22. Bxc5 bxc5 23. Be6+ Kh7 24. Nxh5 gxh5 25. Rxh5+ Bh6+ 26. Kc2 Rxf3 27. Qb7+ Nd7 28. Bxd7 Bb3+ 29. Kb1 Rf7 30. Bf5+ Kg7 31. Rg1+ Kf8 32. Qxb3 Bg7 33. Rh7 a4 34. Qxa4 c4 35. Rhxg7 Rxg7 36. Rxg7 Kxg7 37. Qxc4 Qg5 38. Qc7+ Kh6 39. Qxd6+ Kh5 40. Qxe5 Qg1+ 41. Ka2 Qa7+ 42. Kb3 Qb8+ 43. Qxb8 Kg5 44. Qg8+ Kh6 45. Qg6# 1-0

[Event "ESP-chT CECLUB Div2"]
[Site "Linares"]
[Date "2022.08.27"]
[Round "7.6"]
[White "Jimenez Martinez, Jose Vicente"]
[Black "Fernandez Diaz, Ignacio"]
[Result "0-1"]
[WhiteElo "2255"]
[BlackElo "2001"]
[PlyCount "70"]
[EventDate "2022.08.22"]
[EventType "team-swiss"]
[EventRounds "7"]
[EventCountry "ESP"]
[SourceTitle "CBM 209 Extra"]
[Source "ChessBase"]
[SourceDate "2022.09.30"]
[SourceVersion "1"]
[SourceVersionDate "2022.09.30"]
[SourceQuality "1"]
[WhiteTeam "Excalibur"]
[BlackTeam "Covadonga Cultura"]
[WhiteTeamCountry "ESP"]
[BlackTeamCountry "ESP"]

1. d4 d5 2. c4 Nc6 3. e3 e5 4. cxd5 Qxd5 5. Nc3 Bb4 6. Bd2 Bxc3 7. bxc3 Nf6 8. Qb3 Qd6 9. Bb5 0-0 10. f3 e4 11. f4 a6 12. Bxc6 bxc6 13. c4 a5 14. c5 Qe7 15. Qa4 Qe6 16. h3 Ba6 17. Ne2 Rfb8 18. Nc1 Nd5 19. Qc2 Qg6 20. g4 f5 21. Rg1 Qh6 22. Rg3 fxg4 23. Qxe4 gxh3 24. Nb3 Re8 25. Qh1 Nxf4 26. Kd1 Qh5+ 27. Kc2 Qf5+ 28. Kb2 Ne2 29. Rxh3 a4 30. Rf1 Qd3 31. e4 a3+ 32. Ka1 Qc2 33. Rb1 Bd3 34. Rxd3 Qxd3 35. Qh3 Qxh3 0-1

[Event "ESP-chT CECLUB Div2"]
[Site "Linares"]
[Date "2022.08.26"]
[Round "6.7"]
[White "Crespo, Raimundo Francisco"]
[Black "Jimenez Martinez, Jose Vicente"]
[Result "0-1"]
[WhiteElo "1995"]
[BlackElo "2255"]
[PlyCount "76"]
[EventDate "2022.08.22"]
[EventType "team-swiss"]
[EventRounds "7"]
[EventCountry "ESP"]
[SourceTitle "CBM 209 Extra"]
[Source "ChessBase"]
[SourceDate "2022.09.30"]
[SourceVersion "1"]
[SourceVersionDate "2022.09.30"]
[SourceQuality "1"]
[WhiteTeam "Silla 60 Aniversario II"]
[BlackTeam "Excalibur"]
[WhiteTeamCountry "ESP"]
[BlackTeamCountry "ESP"]

1. e4 d6 2. d4 g6 3. Nc3 Bg7 4. Be3 a6 5. g4 b5 6. g5 Bb7 7. f3 Nd7 8. Qd2 e6 9. h4 h5 10. Nh3 Ne7 11. 0-0-0 c5 12. d5 exd5 13. Nxd5 Bxd5 14. exd5 0-0 15. f4 Nf5 16. Bf2 c4 17. Qb4 Qc7 18. Bg2 c3 19. Be4 Rfc8 20. Bxf5 cxb2+ 21. Kb1 gxf5 22. Qd2 b4 23. Rh2 Nc5 24. Bxc5 Qxc5 25. g6 fxg6 26. Rg2 Qc3 27. Rxg6 Qxh3 28. Rdg1 Rc7 29. Qe2 Qc3 30. Qe6+ Kh8 31. Qxf5 Rf8 32. Qxh5+ Kg8 33. Qe2 Rf6 34. R6g3 Qd4 35. Qe8+ Kh7 36. Qh5+ Bh6 37. f5 Qf4 38. Qe8 Qc1+ 0-1

[Event "ESP-chT CECLUB Div2"]
[Site "Linares"]
[Date "2022.08.24"]
[Round "4.5"]
[White "Roque Sola, Jose Luis"]
[Black "Jimenez Martinez, Jose Vicente"]
[Result "1-0"]
[WhiteElo "2171"]
[BlackElo "2255"]
[PlyCount "85"]
[EventDate "2022.08.22"]
[EventType "team-swiss"]
[EventRounds "7"]
[EventCountry "ESP"]
[SourceTitle "CBM 209 Extra"]
[Source "ChessBase"]
[SourceDate "2022.09.30"]
[SourceVersion "1"]
[SourceVersionDate "2022.09.30"]
[SourceQuality "1"]
[WhiteTeam "Diagonal Alcorcon"]
[BlackTeam "Excalibur"]
[WhiteTeamCountry "ESP"]
[BlackTeamCountry "ESP"]

1. e4 d6 2. d4 g6 3. Nc3 Bg7 4. Be3 a6 5. Qd2 b5 6. h4 Nf6 7. f3 Bb7 8. 0-0-0 Nbd7 9. g4 c5 10. h5 Rg8 11. Kb1 Qc7 12. hxg6 hxg6 13. Bh3 Nb6 14. dxc5 dxc5 15. Qf2 Nfd7 16. Nge2 e6 17. Bf4 Ne5 18. Nc1 Nbc4 19. Nd3 Nxd3 20. cxd3 Qxf4 21. dxc4 Bxc3 22. bxc3 Bxe4+ 23. Ka1 Qxf3 24. Qd2 b4 25. Qd7+ Kf8 26. Qd6+ Ke8 27. Qd7+ Kf8 28. Qd6+ Kg7 29. Qe5+ Qf6 30. Qxe4 Qxc3+ 31. Kb1 Rad8 32. Bg2 b3 33. a3 Rd2 34. Rxd2 Qxd2 35. Qe5+ Kf8 36. Qxc5+ Kg7 37. Qe5+ f6 38. Qc7+ Kf8 39. Qc5+ Ke8 40. Bc6+ Kd8 41. Qb6+ Ke7 42. Rh7+ Kd6 43. Rd7+ 1-0

[Event "ESP-chT CECLUB Div2"]
[Site "Linares"]
[Date "2022.08.23"]
[Round "2.7"]
[White "Jimenez Martinez, Jose Vicente"]
[Black "Amador Garcia, Ismael"]
[Result "1/2-1/2"]
[WhiteElo "2255"]
[BlackElo "2128"]
[PlyCount "120"]
[EventDate "2022.08.22"]
[EventType "team-swiss"]
[EventRounds "7"]
[EventCountry "ESP"]
[SourceTitle "CBM 209 Extra"]
[Source "ChessBase"]
[SourceDate "2022.09.30"]
[SourceVersion "1"]
[SourceVersionDate "2022.09.30"]
[SourceQuality "1"]
[WhiteTeam "Excalibur"]
[BlackTeam "Ebano Barrio Nuevo"]
[WhiteTeamCountry "ESP"]
[BlackTeamCountry "ESP"]

1. d4 Nf6 2. c4 e6 3. Nf3 d5 4. Nc3 c6 5. Bg5 h6 6. Bxf6 Qxf6 7. e3 g6 8. Be2 Bg7 9. 0-0 0-0 10. a4 Rd8 11. Qb3 Nd7 12. Rfd1 Qe7 13. Rac1 Nb6 14. a5 Nxc4 15. Bxc4 dxc4 16. Qxc4 e5 17. dxe5 Be6 18. Qa4 Bf5 19. Qf4 Rxd1+ 20. Rxd1 Re8 21. g4 Bc8 22. h3 g5 23. Qd4 f6 24. Qxa7 fxe5 25. Ne4 Rf8 26. Nfd2 Rd8 27. Rc1 Qb4 28. Rc2 Bf8 29. Qb6 Qxb6 30. axb6 Kf7 31. Nc4 Ke6 32. Kg2 Bb4 33. Kf3 Rd1 34. Ng3 Kd5 35. e4+ Kd4 36. Ne3 Kd3 37. Ne2 Bd2 38. Rc5 Bxe3 39. Rc3+ Kd2 40. Rxe3 Rb1 41. Rb3 Be6 42. Rb4 c5 43. Rb5 Bc4 44. Nc3 Bxb5 45. Nxb1+ Kc1 46. Nc3 Bc6 47. b3 Kc2 48. Nd5 Kxb3 49. Ke2 c4 50. Kd2 Ka4 51. Ne3 Kb3 52. Nd5 Bxd5 53. exd5 Kb2 54. d6 c3+ 55. Ke2 c2 56. d7 c1Q 57. d8Q Qc4+ 58. Qd3 Qc5 59. Qg6 Kc3 60. Qxh6 Qc4+ 1/2-1/2

[Event "ESP-chT Rapid"]
[Site "Ciudad Real"]
[Date "2021.10.09"]
[Round "5.5"]
[White "Jimenez Martinez, Jose Vicente"]
[Black "Khamrakulov, Ibragim S"]
[Result "1/2-1/2"]
[WhiteElo "2287"]
[BlackElo "2416"]
[PlyCount "88"]
[EventDate "2021.10.09"]
[EventType "team-swiss (rapid)"]
[EventRounds "9"]
[EventCountry "ESP"]
[SourceTitle "CBM 204 Extra"]
[Source "ChessBase"]
[SourceDate "2021.11.30"]
[SourceVersion "1"]
[SourceVersionDate "2021.11.30"]
[SourceQuality "1"]
[WhiteTeam "Albacete Excalibur"]
[BlackTeam "Madrid 64Villalba"]
[WhiteTeamCountry "ESP"]
[BlackTeamCountry "ESP"]

1. d4 Nf6 2. c4 e6 3. Nc3 Bb4 4. Qc2 c5 5. dxc5 Na6 6. a3 Qa5 7. Bd2 Nxc5 8. Rc1 Bxc3 9. Bxc3 Qa4 10. f3 d6 11. e4 Bd7 12. e5 dxe5 13. Bxe5 Qxc2 14. Rxc2 Ba4 15. Rc3 0-0-0 16. Be2 Rd7 17. b4 Nb3 18. Bd1 Nc5 19. Be2 Na6 20. Rd3 Rxd3 21. Bxd3 Nb8 22. Ne2 Rd8 23. Kd2 Nc6 24. Bc3 Nd7 25. f4 Nf6 26. Bxf6 gxf6 27. Kc3 Ne7 28. Nd4 Bc6 29. Nxc6 Nxc6 30. g4 h6 31. h4 Nd4 32. Rh3 Kc7 33. g5 fxg5 34. hxg5 hxg5 35. fxg5 e5 36. Rh7 Rd7 37. c5 b6 38. cxb6+ Kxb6 39. Bc4 Rc7 40. Rxf7 Nb5+ 41. Kb3 Nd4+ 42. Kc3 Nb5+ 43. Kb3 Nd4+ 44. Kc3 Nb5+ 1/2-1/2

[Event "ESP-chT CECLUB Div1"]
[Site "Linares"]
[Date "2021.09.10"]
[Round "3.2"]
[White "Jimenez Martinez, Jose Vicente"]
[Black "Martinez Fernandez, Adrian"]
[Result "1-0"]
[WhiteElo "2271"]
[BlackElo "2318"]
[PlyCount "133"]
[EventDate "2021.09.08"]
[EventType "team-tourn"]
[EventRounds "7"]
[EventCountry "ESP"]
[SourceTitle "CBM 204 Extra"]
[Source "ChessBase"]
[SourceDate "2021.11.30"]
[SourceVersion "1"]
[SourceVersionDate "2021.11.30"]
[SourceQuality "1"]
[WhiteTeam "Albacete Excalibur"]
[BlackTeam "Barcelona CE"]
[WhiteTeamCountry "ESP"]
[BlackTeamCountry "ESP"]

1. d4 Nf6 2. c4 e6 3. Nc3 Bb4 4. Qc2 0-0 5. a3 Bxc3+ 6. Qxc3 b6 7. Nf3 Bb7 8. g3 c5 9. dxc5 bxc5 10. Bg2 a5 11. 0-0 d6 12. Bg5 Ne4 13. Bxd8 Nxc3 14. Be7 Nxe2+ 15. Kh1 Rc8 16. Bxd6 Nd4 17. Nxd4 Bxg2+ 18. Kxg2 cxd4 19. b4 Rxc4 20. Rac1 Rxc1 21. Rxc1 Nd7 22. Rc7 Nf6 23. b5 Nd5 24. Rc6 d3 25. Kf1 Rd8 26. Ke1 h6 27. b6 Rd7 28. Bc7 d2+ 29. Kd1 Nxb6 30. Bxb6 Rd3 31. a4 Kh7 32. Rc4 Rd5 33. Rc5 Rd6 34. Bxa5 Rd4 35. Bxd2 Rxa4 36. h4 Ra7 37. Be3 Rd7+ 38. Ke2 f6 39. Ra5 e5 40. Ra7 Rd5 41. Kf3 Rb5 42. Ke4 Rb4+ 43. Kf5 Rc4 44. Rb7 Rc2 45. Rd7 Rc4 46. Ke6 Kg6 47. h5+ Kh7 48. Kd6 Rg4 49. Rc7 Ra4 50. Ke6 Ra1 51. Bc5 Ra8 52. Kf7 Ra4 53. Kf8 Ra8+ 54. Kf7 Ra4 55. Rc8 Rc4 56. Ke6 Rg4 57. Be3 Ra4 58. Rc7 Kg8 59. Kf5 Kh7 60. Bc5 Ra8 61. Be7 Ra2 62. Bf8 Rxf2+ 63. Ke6 Rh2 64. Bxg7 Rxh5 65. Bxf6+ Kg8 66. Rg7+ Kf8 67. Rh7 1-0

[Event "Guimaraes op"]
[Site "Guimaraes"]
[Date "2021.08.26"]
[Round "5"]
[White "Jimenez Martinez, Jose Vicente"]
[Black "Leenhouts, Koen"]
[Result "0-1"]
[WhiteElo "2271"]
[BlackElo "2414"]
[PlyCount "59"]
[EventDate "2021.08.24"]
[EventType "swiss"]
[EventRounds "9"]
[EventCountry "POR"]
[SourceTitle "CBM 204 Extra"]
[Source "ChessBase"]
[SourceDate "2021.11.30"]
[SourceVersion "1"]
[SourceVersionDate "2021.11.30"]
[SourceQuality "1"]

1. d4 Nf6 2. c4 g6 3. Nc3 Bg7 4. e4 d6 5. f3 0-0 6. Be3 c5 7. Nge2 b6 8. Qd2 Ba6 9. b3 e6 10. dxc5 dxc5 11. 0-0-0 Nc6 12. Qxd8 Rfxd8 13. Rxd8+ Rxd8 14. Bg5 h6 15. Bd2 Nd7 16. Nb5 Nde5 17. Nec3 Nb4 18. a3 Nbc6 19. f4 Na5 20. fxe5 Nxb3+ 21. Kc2 Nxd2 22. Bd3 Nb3 23. Kxb3 Rxd3 24. Rd1 Rxd1 25. Nxd1 Bxb5 26. cxb5 Bxe5 27. h3 Bd4 28. a4 Kg7 29. a5 Kf6 30. a6 0-1

[Event "Leon Blitz op 34th"]
[Site "Chess.com INT"]
[Date "2021.07.07"]
[Round "12"]
[White "Maltsevskaya, Aleksandra"]
[Black "Jimenez Martinez, Jose Vicente"]
[Result "1-0"]
[WhiteElo "2382"]
[BlackElo "2271"]
[PlyCount "59"]
[EventDate "2021.07.07"]
[EventType "swiss (blitz)"]
[EventRounds "14"]
[EventCountry "ESP"]
[SourceTitle "CBM 203 Extra"]
[Source "ChessBase"]
[SourceDate "2021.09.30"]
[SourceVersion "1"]
[SourceVersionDate "2021.09.30"]
[SourceQuality "1"]

1. e4 d6 2. d4 g6 3. c3 Bg7 4. Nf3 Nf6 5. Bd3 0-0 6. 0-0 Nc6 7. Nbd2 Bg4 8. h3 Bxf3 9. Nxf3 e5 10. Qe2 Re8 11. dxe5 Nxe5 12. Nxe5 Rxe5 13. f4 Re7 14. Qf3 Qe8 15. Re1 Qc6 16. f5 Rae8 17. Bg5 Re5 18. Bxf6 Bxf6 19. fxg6 R5e6 20. gxf7+ Kxf7 21. Kh1 Qc5 22. Bc2 Kg7 23. Bb3 Re5 24. Rf1 Rf8 25. Rad1 Rg5 26. Rd5 Rxd5 27. Bxd5 c6 28. Qg4+ Kh6 29. Rf5 Bg5 30. Qxg5# 1-0